000 00443nam a2200157Ia 4500
008 240729s9999 xx 000 0 und d
022 _a1742-9536
245 0 _aAustralian Journal of Psychology
260 _aUnited Kingdom
260 _bTaylor & Francis Group
650 _a Psychology
650 _aPhilosophy. Psychology. Religion
856 _uhttps://doaj.org/toc/bfce877dd93745b3a3434b64b9270846
942 _2ddc
942 _cDOAJEJ
999 _c69078
_d69078
945 _a1
_bMadushi Gamage
_c1
_dMadushi Gamage